[Event "TCh-CHN DivA Regular"]
[Site "Fuling CHN"]
[Date "2023.06.12"]
[Round "7.3"]
[Board "1"]
[White "Lu, Shanglei"]
[Black "Xu, Xiangyu"]
[Result "1/2-1/2"]
[WhiteTitle "GM"]
[BlackTitle "GM"]
[WhiteElo "2597"]
[BlackElo "2603"]
[WhiteTeam "Zhejiang Shaoxing"]
[BlackTeam "Chengdu"]
[WhiteFideId "8603332"]
[BlackFideId "8608288"]
[EventDate "2023.06.05"]
[EventType "team"]

1. d4 Nf6 2. c4 e6 3. g3 d5 4. Bg2 dxc4 5. Nf3 Bd7 6. Ne5 Bc6 7. Nxc6 Nxc6 8.
O-O Qd7 9. Nc3 Be7 10. Qa4 Nxd4 11. Qxc4 c5 12. Rd1 b5 13. Nxb5 Nf3+ 14. Bxf3
Qxd1+ 15. Kg2 O-O 16. Bxa8 Rxa8 17. b3 Qd7 18. Nc3 Qb7+ 19. Kg1 Rd8 20. Bg5 h6
21. Bxf6 Bxf6 22. Rd1 Rxd1+ 23. Nxd1 Bd4 24. e3 Qf3 25. Nc3 Bxc3 26. Qxc3 Qd1+
27. Kg2 Qd5+ 28. Kf1 Qd1+ 29. Kg2 Qd5+ 30. Kg1 Qd1+ 1/2-1/2

[Event "TCh-CHN DivA Regular"]
[Site "Fuling CHN"]
[Date "2023.06.12"]
[Round "7.3"]
[Board "2"]
[White "Li, Di"]
[Black "Zhu, Jiner"]
[Result "1-0"]
[WhiteTitle "GM"]
[BlackTitle "WGM"]
[WhiteElo "2575"]
[BlackElo "2507"]
[WhiteTeam "Chengdu"]
[BlackTeam "Zhejiang Shaoxing"]
[WhiteFideId "8607508"]
[BlackFideId "8608059"]
[EventDate "2023.06.05"]
[EventType "team"]

1. Nf3 d5 2. g3 Nf6 3. Bg2 g6 4. O-O Bg7 5. d4 O-O 6. c4 c6 7. a4 a5 8. Na3 Na6
9. Bf4 Bf5 10. Qb3 Nb4 11. Rac1 Be4 12. Rfd1 e6 13. h4 Re8 14. Ne5 Bxg2 15. Kxg2
Nd7 16. Nf3 h6 17. Qe3 Kh7 18. Qb3 Qe7 19. Nc2 Nb6 20. c5 Nxc2 21. Qxc2 Nd7 22.
Bd6 Qf6 23. Qb3 Ra7 24. Ne5 Nxe5 25. dxe5 Qf5 26. Rc3 Qe4+ 27. Rf3 Kg8 28. Rd3
g5 29. hxg5 hxg5 30. Re3 Qb4 31. Qc2 Raa8 32. Ra3 Qg4 33. Ra1 Qh5 34. Rh1 Qg6
35. Qxg6 fxg6 36. Kh3 Bh6 37. Kg4 Kg7 38. Rb3 Ra7 39. Rh2 Rh8 40. Be7 Kg8 41.
Bf6 Rh7 42. Rc3 Bf8 43. Rxh7 Kxh7 44. Rc1 Ra6 45. Rh1+ Kg8 46. Kxg5 Kf7 47. Rh7+
Ke8 48. Rxb7 Bxc5 49. e3 Rb6 50. Rc7 d4 51. exd4 Bxd4 52. Re7+ Kf8 53. Kxg6 Rxb2
54. Rxe6 1-0

[Event "TCh-CHN DivA Regular"]
[Site "Fuling CHN"]
[Date "2023.06.12"]
[Round "7.3"]
[Board "3"]
[White "Chen, Yuan2"]
[Black "Zhao, Yuanhe"]
[Result "1/2-1/2"]
[BlackTitle "IM"]
[WhiteElo "2159"]
[BlackElo "2461"]
[WhiteTeam "Zhejiang Shaoxing"]
[BlackTeam "Chengdu"]
[WhiteFideId "8618860"]
[BlackFideId "8609497"]
[EventDate "2023.06.05"]
[EventType "team"]

1. e4 c5 2. Nf3 Nc6 3. c3 Nf6 4. e5 Nd5 5. d4 cxd4 6. cxd4 d6 7. Bc4 e6 8. O-O
Be7 9. Qe2 O-O 10. Qe4 a6 11. Bd3 f5 12. exf6 Nxf6 13. Qe2 Qa5 14. Re1 Qh5 15.
Nc3 Bd7 16. Bf4 Rae8 17. Bg3 Nb4 18. Bc4 Nbd5 19. Nxd5 Nxd5 20. Qe4 Kh8 21. Bxd5
exd5 22. Qc2 Bc6 23. Re3 Qf7 24. Rae1 h6 25. h3 Kg8 26. Qc3 Bg5 27. Rxe8 Rxe8
28. Rxe8+ Qxe8 29. Nxg5 hxg5 30. Bxd6 Qe4 31. Be5 g4 32. Qg3 Bd7 33. Kh2 Be6 34.
f3 Qe2 35. hxg4 Qxb2 36. Qf4 Qb5 37. Qg5 Qd7 38. Kg3 Qf7 39. Qd8+ Kh7 40. Qb6
Bc8 41. a4 Qe6 42. Qd8 b5 43. a5 Bd7 44. Qf8 Qg6 45. Qe7 Bc8 46. Qh4+ Qh6 47.
Qe7 Qg6 48. Bd6 Be6 49. Qh4+ Kg8 50. Qd8+ Kh7 51. Qe7 Bc8 52. Qh4+ Kg8 53. Qd8+
Kh7 54. Qe7 Be6 55. Qh4+ Kg8 56. Qh5 Qf6 57. Qe8+ Kh7 58. Be5 Qg6 59. Qxg6+ Kxg6
60. Bd6 Bd7 61. Kf4 Kf6 62. Bc5 g6 63. Ke3 b4 64. Bxb4 Bb5 65. Bd6 Bf1 66. Be5+
Ke6 67. Kf2 Bd3 68. Kg3 Bf1 69. Kf2 Bd3 70. g3 Bc2 71. Ke3 Bd1 72. Kf4 Kf7 73.
Bc7 Be2 74. g5 Ke6 75. g4 Bd1 76. Kg3 Kf7 77. f4 Bc2 78. Kh4 Bd3 79. Kg3 Bc2 80.
f5 gxf5 1/2-1/2

[Event "TCh-CHN DivA Regular"]
[Site "Fuling CHN"]
[Date "2023.06.12"]
[Round "7.3"]
[Board "4"]
[White "Chu, Ruotong"]
[Black "Ding, Yixin"]
[Result "1/2-1/2"]
[WhiteTitle "WIM"]
[BlackTitle "WGM"]
[WhiteElo "2166"]
[BlackElo "2422"]
[WhiteTeam "Chengdu"]
[BlackTeam "Zhejiang Shaoxing"]
[WhiteFideId "8605653"]
[BlackFideId "8602972"]
[EventDate "2023.06.05"]
[EventType "team"]

1. c4 Nf6 2. Nf3 e6 3. g3 d5 4. Bg2 Be7 5. d4 O-O 6. Qc2 c5 7. O-O Nc6 8. dxc5
d4 9. Bg5 Bxc5 10. Nbd2 e5 11. Bxf6 Qxf6 12. Ne4 Qe7 13. Nxc5 Qxc5 14. Ng5 g6
15. Ne4 Qe7 16. c5 Be6 17. a3 a5 18. b3 f5 19. Nd6 e4 20. f3 d3 21. exd3 Nd4 22.
Qf2 Nxb3 23. Rad1 b6 24. fxe4 fxe4 25. Qe3 Nxc5 26. Nxe4 Nxe4 27. Bxe4 Rae8 28.
Qxb6 Rxf1+ 29. Rxf1 Qxa3 30. Qb5 Rd8 31. Qb6 Re8 32. Qb5 Rd8 33. Qb6 Re8 1/2-1/2

[Event "TCh-CHN DivA Regular"]
[Site "Fuling CHN"]
[Date "2023.06.12"]
[Round "7.3"]
[Board "5"]
[White "Bai, Xue"]
[Black "Ren, Xiaoyi"]
[Result "1-0"]
[BlackTitle "WIM"]
[WhiteElo "2041"]
[BlackElo "2079"]
[WhiteTeam "Zhejiang Shaoxing"]
[BlackTeam "Chengdu"]
[WhiteFideId "8608717"]
[BlackFideId "8608709"]
[EventDate "2023.06.05"]
[EventType "team"]

1. e4 e5 2. Nf3 Nc6 3. Bb5 a6 4. Ba4 Nf6 5. O-O Nxe4 6. Re1 Nc5 7. Nxe5 Nxe5 8.
Rxe5+ Be7 9. Bb3 Nxb3 10. axb3 d6 11. Re1 O-O 12. d4 d5 13. Bf4 Bf5 14. Nc3 Bb4
15. Re5 Bxc3 16. bxc3 Be4 17. Rg5 Re8 18. c4 f6 19. Rg3 dxc4 20. bxc4 Qd7 21. c5
Rad8 22. c3 Re7 23. Qb3+ Bd5 24. Qc2 Rde8 25. Be3 Qe6 26. Qb2 Qe4 27. h3 f5 28.
Qd2 Rf7 29. Bf4 Rf6 30. c4 Bxc4 31. Re3 Qc6 32. d5 Qd7 33. Rxe8+ Qxe8 34. Bxc7
Qd7 35. d6 Re6 36. Rb1 Bb5 37. Rxb5 axb5 38. Qd5 Kf8 39. Qxb7 Re1+ 40. Kh2 Rc1
41. Qa8+ Kf7 42. Qd5+ Kf8 43. Ba5 Rc4 44. Bb4 Qf7 45. Qxf7+ Kxf7 46. c6 Ke6 47.
d7 Rd4 48. f4 Rd3 49. Kg1 g6 50. Kf2 h6 51. h4 h5 52. Ke2 Rd4 53. Bc5 Rd5 54. g3
Rxc5 55. d8=Q Rxc6 56. Qe8+ Kd5 57. Kd3 Kc5 58. Kc3 b4+ 59. Kb3 Rb6 60. Qd7 Rc6
61. Qe7+ Rd6 62. Ka4 Kd5 63. Qe5+ 1-0

[Event "TCh-CHN DivA Regular"]
[Site "Fuling CHN"]
[Date "2023.06.12"]
[Round "7.4"]
[Board "1"]
[White "Wang, Hao"]
[Black "Zhao, Jun"]
[Result "0-1"]
[WhiteTitle "GM"]
[BlackTitle "GM"]
[WhiteElo "2722"]
[BlackElo "2584"]
[WhiteTeam "Shenzhen Pengcheng"]
[BlackTeam "Shandong"]
[WhiteFideId "8602883"]
[BlackFideId "8602522"]
[EventDate "2023.06.05"]
[EventType "team"]

1. c4 e6 2. Nc3 d5 3. d4 Nf6 4. Nf3 c5 5. e3 Nc6 6. cxd5 exd5 7. Bb5 cxd4 8.
Nxd4 Bd7 9. O-O Bd6 10. Nf3 Bg4 11. h3 Bh5 12. b3 O-O 13. Be2 a6 14. Bb2 Re8 15.
Rc1 Bc7 16. Ba3 Qd7 17. Nh4 Bg6 18. Nxg6 hxg6 19. Bg4 Nxg4 20. Qxg4 Qxg4 21.
hxg4 Rad8 22. Na4 d4 23. Bc5 b5 24. Nb2 Ba5 25. Rfd1 Bc3 26. Nd3 b4 27. Nf4 dxe3
28. Bxe3 Ne5 29. g5 Ng4 30. Bb6 Rd2 31. Nd5 Ree2 32. a4 Rxd1+ 33. Rxd1 Rb2 34.
f3 Ne5 35. Bd4 Bxd4+ 36. Rxd4 a5 37. Ne7+ Kf8 38. Re4 f6 39. Nd5 Kf7 40. gxf6
gxf6 41. f4 Ng4 42. Kf1 Rxb3 43. Re7+ Kf8 44. Ra7 Rd3 45. Ne7 b3 46. Nxg6+ Ke8
47. Rb7 Rc3 48. Ke2 Ne3 49. Ne7 Nc4 50. Nd5 Rg3 51. Nxf6+ Kd8 52. Nd5 b2 53. f5
Kc8 54. Rb5 Na3 0-1

[Event "TCh-CHN DivA Regular"]
[Site "Fuling CHN"]
[Date "2023.06.12"]
[Round "7.4"]
[Board "2"]
[White "Liu, Qingnan"]
[Black "Xue, Haowen"]
[Result "1-0"]
[WhiteTitle "GM"]
[WhiteElo "2532"]
[BlackElo "2341"]
[WhiteTeam "Shandong"]
[BlackTeam "Shenzhen Pengcheng"]
[WhiteFideId "8603294"]
[BlackFideId "8625492"]
[EventDate "2023.06.05"]
[EventType "team"]

1. e4 c5 2. Nf3 d6 3. d4 Nf6 4. Nc3 cxd4 5. Nxd4 Nc6 6. Bg5 e6 7. Qd2 a6 8.
O-O-O Bd7 9. f4 b5 10. Bxf6 gxf6 11. Kb1 Qb6 12. Nxc6 Bxc6 13. f5 b4 14. Ne2 e5
15. Ng3 h5 16. h4 Qc5 17. Bd3 Bh6 18. Qe2 Qe3 19. Nxh5 Ke7 20. Qf1 Bxe4 21. g4
Bxh1 22. Qxh1 Ra7 23. g5 Bxg5 24. hxg5 Qxg5 25. Be2 Rd7 26. Qf3 d5 27. a4 e4 28.
Qf2 e3 29. Qf3 Rhd8 30. Rd4 Qg1+ 31. Ka2 Qf2 32. Qg4 Rg8 33. Qxg8 Qxe2 34. Qh8
Rd6 35. Rxb4 Rb6 36. Rxb6 Qc4+ 37. Rb3 Qxa4+ 38. Kb1 1-0

[Event "TCh-CHN DivA Regular"]
[Site "Fuling CHN"]
[Date "2023.06.12"]
[Round "7.4"]
[Board "3"]
[White "Zhou, Weiqi"]
[Black "Huang, Renjie"]
[Result "1/2-1/2"]
[WhiteTitle "GM"]
[WhiteElo "2604"]
[BlackElo "2406"]
[WhiteTeam "Shenzhen Pengcheng"]
[BlackTeam "Shandong"]
[WhiteFideId "8601674"]
[BlackFideId "8610134"]
[EventDate "2023.06.05"]
[EventType "team"]

1. d4 Nf6 2. c4 g6 3. Nc3 d5 4. Nf3 Bg7 5. e3 O-O 6. cxd5 Nxd5 7. Bc4 Nxc3 8.
bxc3 c5 9. O-O Qc7 10. Qe2 Nc6 11. Ba3 b6 12. Rab1 Bf5 13. Bd3 Bxd3 14. Qxd3
Rfd8 15. Qe4 cxd4 16. cxd4 Qd7 17. Rbc1 Rac8 18. Rc2 e6 19. Rfc1 Na5 20. Ne5 Qe8
21. f4 Rxc2 22. Qxc2 Bxe5 23. fxe5 b5 24. Qe4 Nc4 25. Bc5 Qd7 26. h4 h5 27. Qf4
Qb7 28. e4 Rd7 29. g4 hxg4 30. h5 Qc8 31. Kg2 Qd8 32. hxg6 Qa5 33. Rc2 Qe1 34.
d5 Qh4 35. Rc3 Qe1 36. Rg3 Qe2+ 37. Kg1 Qe1+ 38. Kg2 Qe2+ 39. Kg1 Qe1+ 40. Kh2
fxg6 41. Qf8+ Kh7 42. Bf2 Qxe4 43. dxe6 Rd1 44. Qe7+ Kh8 45. Qf6+ Kh7 46. Qe7+ 1/2-1/2

[Event "TCh-CHN DivA Regular"]
[Site "Fuling CHN"]
[Date "2023.06.12"]
[Round "7.4"]
[Board "4"]
[White "Zhang, Xiao"]
[Black "Song, Yuxin"]
[Result "0-1"]
[BlackTitle "WIM"]
[WhiteElo "2147"]
[BlackElo "2353"]
[WhiteTeam "Shandong"]
[BlackTeam "Shenzhen Pengcheng"]
[WhiteFideId "8610894"]
[BlackFideId "8614300"]
[EventDate "2023.06.05"]
[EventType "team"]

1. d4 Nf6 2. c4 e6 3. Nf3 d5 4. Nc3 c6 5. e3 Nbd7 6. Qc2 Bd6 7. Be2 O-O 8. O-O
Re8 9. b3 b6 10. e4 dxe4 11. Nxe4 Nxe4 12. Qxe4 Bb7 13. Rd1 Qe7 14. Bb2 Rad8 15.
Bd3 Nf6 16. Qh4 h6 17. Re1 Ba3 18. Bc1 Bxc1 19. Raxc1 c5 20. d5 Qc7 21. Qg3 Qxg3
22. hxg3 exd5 23. cxd5 Rxe1+ 24. Rxe1 Bxd5 25. Bb5 Be6 26. Ne5 Rd2 27. Re2 Rd1+
28. Kh2 Nd5 29. Bc4 b5 30. Bxd5 Rxd5 31. Nc6 Rd7 32. Re5 Rc7 33. Rxc5 Kh7 34. b4
Bxa2 35. Nd4 Rxc5 36. bxc5 b4 37. c6 Bc4 38. c7 Ba6 39. g4 Kg8 40. Kg3 Kf8 41.
Kf4 Ke8 42. Nb3 Bc8 43. Nc5 Ke7 44. Ke5 Bxg4 45. Kd5 Bc8 46. Kc6 g5 47. Kb5 Kd6
48. Kxb4 Kxc7 49. f3 Kd6 50. Ne4+ Ke5 51. Kc5 g4 52. Nd6 gxf3 53. gxf3 Be6 54.
Ne4 Kf4 55. Nd2 h5 0-1

[Event "TCh-CHN DivA Regular"]
[Site "Fuling CHN"]
[Date "2023.06.12"]
[Round "7.4"]
[Board "5"]
[White "Xu, Tong"]
[Black "Du, Yuxin"]
[Result "1/2-1/2"]
[WhiteTitle "WIM"]
[WhiteElo "2105"]
[BlackElo "1929"]
[WhiteTeam "Shenzhen Pengcheng"]
[BlackTeam "Shandong"]
[WhiteFideId "8601739"]
[BlackFideId "8610282"]
[EventDate "2023.06.05"]
[EventType "team"]

1. e4 c6 2. Nc3 d5 3. Nf3 Bg4 4. h3 Bxf3 5. Qxf3 e6 6. Be2 Nf6 7. O-O Be7 8. d4
dxe4 9. Qe3 Nbd7 10. Nxe4 Nxe4 11. Qxe4 Nf6 12. Qd3 O-O 13. c3 c5 14. dxc5 Qxd3
15. Bxd3 Bxc5 16. Rd1 h6 17. Bf4 Rad8 18. Kf1 Rd5 19. Bc2 g5 20. Bh2 Rfd8 21.
Rxd5 Rxd5 22. Rd1 Rxd1+ 23. Bxd1 Ne4 24. Bc2 Nf6 25. Bd1 Ne4 26. Bc2 Nf6 27. b4
Bb6 28. Be5 Nd7 29. Bd6 f5 30. c4 Bd4 31. Ke2 Kf7 32. f3 Ne5 33. Bxe5 1/2-1/2

[Event "TCh-CHN DivA Regular"]
[Site "Fuling CHN"]
[Date "2023.06.12"]
[Round "7.5"]
[Board "1"]
[White "Zhu, Hengyi"]
[Black "Bai, Jinshi"]
[Result "1/2-1/2"]
[BlackTitle "GM"]
[WhiteElo "2247"]
[BlackElo "2550"]
[WhiteTeam "Hangzhou"]
[BlackTeam "Hangzhou Bank"]
[WhiteFideId "8611211"]
[BlackFideId "8602280"]
[EventDate "2023.06.05"]
[EventType "team"]

1. e4 c5 2. Nf3 Nc6 3. Bb5 g6 4. c3 Nf6 5. Qe2 Bg7 6. O-O O-O 7. d4 d5 8. e5 Ne4
9. Nbd2 Qb6 10. dxc5 Nxc5 11. h3 Bf5 12. Nb3 Nxb3 13. axb3 Be4 14. Bxc6 Bxf3 15.
gxf3 Qxc6 16. f4 a5 17. Be3 e6 18. Ra2 b6 19. Rfa1 Rfc8 20. b4 axb4 21. Rxa8
Rxa8 22. Rxa8+ Qxa8 23. cxb4 Qa4 24. Qd2 Bf8 25. Bxb6 Bxb4 26. Qc1 Be7 27. Qd2
Qc4 28. Qe3 Kf8 29. Bd4 Bb4 30. Ba7 Be7 31. Bd4 Ke8 32. Ba7 Qb4 33. Bd4 Qc4 34.
Ba7 Qb4 35. Bd4 Kd7 36. Bc3 Qc5 37. Bd4 Qb4 38. Bc3 Qc5 39. Bd4 Qc4 40. b3 Qc2
41. Ba7 Qc6 42. Qd2 Qb5 43. Qa2 Bb4 44. Bd4 Ba5 45. Qc2 Qc6 46. Qa2 Qb5 47. Qc2
Bb4 48. Kg2 Qa5 49. Kg3 Be7 50. Kf3 Qb5 51. Qa2 Bc5 52. Bxc5 Qxc5 53. Qa4+ Ke7
54. b4 Qc4 55. Qa7+ Kf8 56. Qb8+ Kg7 57. b5 Qb3+ 58. Kg2 d4 59. Qd8 Qxb5 60.
Qf6+ Kf8 61. Qd8+ Qe8 62. Qxd4 Kg7 63. Kg3 Qa8 64. Qd6 Qe4 65. Qe7 Qf5 66. Qd8
h6 67. h4 h5 68. f3 Qb1 69. Qf6+ Kg8 70. Qd8+ Kh7 71. Qf6 Kg8 72. Qd8+ Kh7 73.
Qf6 Kg8 1/2-1/2

[Event "TCh-CHN DivA Regular"]
[Site "Fuling CHN"]
[Date "2023.06.12"]
[Round "7.5"]
[Board "2"]
[White "Ma, Qun"]
[Black "Xiang, Zeyu"]
[Result "1-0"]
[WhiteTitle "GM"]
[BlackTitle "IM"]
[WhiteElo "2648"]
[BlackElo "2397"]
[WhiteTeam "Hangzhou Bank"]
[BlackTeam "Hangzhou"]
[WhiteFideId "8603154"]
[BlackFideId "8608547"]
[EventDate "2023.06.05"]
[EventType "team"]

1. e4 e5 2. Nf3 Nc6 3. Bb5 Nf6 4. d3 Bc5 5. c3 O-O 6. O-O d6 7. Bg5 h6 8. Bh4 g5
9. Bg3 Nh5 10. Nbd2 Qf6 11. Bxc6 bxc6 12. d4 exd4 13. e5 Qg7 14. cxd4 Bb6 15. a4
a5 16. Nc4 g4 17. Nh4 Be6 18. Nxb6 cxb6 19. exd6 Rad8 20. Qd3 Nxg3 21. Qxg3 Qxd4
22. Rfd1 Qxb2 23. Rab1 Qc2 24. Qf4 Kh7 25. Rbc1 Qb2 26. Qe4+ Kg7 27. Rxc6 Rfe8
28. Rc7 Qf6 29. g3 h5 30. Qd3 Qe5 31. Ng6 Qf5 32. Qxf5 Bxf5 33. Ne7 Be6 34. f4
Kf6 35. Rd4 Rh8 36. Rb7 h4 37. gxh4 Rxh4 38. Nc6 Rc8 39. Rc7 Rhh8 40. Na7 Rcd8
41. d7 Rh3 42. Nc6 Rxd7 43. Rdxd7 Bxd7 44. Rxd7 Ra3 45. Nd8 Rxa4 46. Rxf7+ Kg6
47. f5+ Kh6 48. Ne6 Rc4 49. Rg7 1-0

[Event "TCh-CHN DivA Regular"]
[Site "Fuling CHN"]
[Date "2023.06.12"]
[Round "7.5"]
[Board "3"]
[White "Xie, Kaifan"]
[Black "Xu, Zhihang"]
[Result "1/2-1/2"]
[WhiteTitle "CM"]
[BlackTitle "IM"]
[WhiteElo "2278"]
[BlackElo "2510"]
[WhiteTeam "Hangzhou"]
[BlackTeam "Hangzhou Bank"]
[WhiteFideId "8619107"]
[BlackFideId "8611572"]
[EventDate "2023.06.05"]
[EventType "team"]

1. d4 Nf6 2. c4 e6 3. Nf3 d5 4. Nc3 Bb4 5. Qb3 c5 6. dxc5 Nc6 7. Bg5 Qa5 8. Bxf6
dxc4 9. Qxc4 gxf6 10. Rc1 Qxc5 11. Qh4 Ke7 12. g3 Bxc3+ 13. Rxc3 Qb4 14. Qxb4+
Nxb4 15. a3 Nd5 16. Rc1 Bd7 17. Bg2 Rac8 18. O-O Nb6 19. Nd4 Rxc1 20. Rxc1 Rc8
21. Rxc8 Bxc8 22. Nb5 a5 23. b3 Bd7 24. Nc3 Bc8 25. Nb5 Bd7 26. Nc3 Bc8 27. Kf1
Nd7 28. Ke1 Nc5 29. b4 axb4 30. axb4 Na6 31. Na2 b6 32. Kd2 e5 33. b5 Nc7 34.
Nc3 Bd7 35. Na4 Bxb5 36. Nxb6 h6 37. Nd5+ Nxd5 38. Bxd5 Ba6 39. Bb3 Bb5 40. Bd5
Ba6 41. Bb3 Bb5 42. Bd5 1/2-1/2

[Event "TCh-CHN DivA Regular"]
[Site "Fuling CHN"]
[Date "2023.06.12"]
[Round "7.5"]
[Board "4"]
[White "Zhao, Xue"]
[Black "Lu, Miaoyi"]
[Result "1-0"]
[WhiteTitle "GM"]
[BlackTitle "WIM"]
[WhiteElo "2469"]
[BlackElo "2176"]
[WhiteTeam "Hangzhou Bank"]
[BlackTeam "Hangzhou"]
[WhiteFideId "8601283"]
[BlackFideId "8618020"]
[EventDate "2023.06.05"]
[EventType "team"]

1. d4 d5 2. c4 e6 3. Nf3 Nf6 4. Nc3 c5 5. cxd5 cxd4 6. Qa4+ Bd7 7. Qxd4 exd5 8.
e3 Nc6 9. Qd3 Bg4 10. Be2 Bb4 11. O-O Bxc3 12. Qxc3 O-O 13. Rd1 Qe7 14. h3 Ne4
15. Qe1 Bxf3 16. Bxf3 Ne5 17. Be2 Rfc8 18. Rxd5 Rc2 19. Rd4 Nc6 20. Bd3 Nc5 21.
Bxc2 Nxd4 22. Bb1 Re8 23. Bd2 Qg5 24. Qd1 Nde6 25. Qc2 g6 26. b4 Nd7 27. a4 h5
28. Ba2 Nf6 29. Bc3 Nd5 30. Bb2 h4 31. Qe4 Nf6 32. Qxb7 Nh5 33. Bxe6 fxe6 34.
Rd1 Nf6 35. Qc6 Kf7 36. b5 Nd5 37. a5 Qh5 38. Rd2 g5 39. Rxd5 exd5 40. Qf6+ 1-0

[Event "TCh-CHN DivA Regular"]
[Site "Fuling CHN"]
[Date "2023.06.12"]
[Round "7.5"]
[Board "5"]
[White "Zhao, Shengxin"]
[Black "Zhai, Mo"]
[Result "0-1"]
[WhiteTitle "WFM"]
[BlackTitle "WGM"]
[WhiteElo "2156"]
[BlackElo "2347"]
[WhiteTeam "Hangzhou"]
[BlackTeam "Hangzhou Bank"]
[WhiteFideId "8608040"]
[BlackFideId "8600201"]
[EventDate "2023.06.05"]
[EventType "team"]

1. d4 Nf6 2. c4 e6 3. Nc3 Bb4 4. Qc2 O-O 5. a3 Bxc3+ 6. Qxc3 b6 7. Bg5 Bb7 8. f3
h6 9. Bh4 c5 10. dxc5 bxc5 11. Bf2 d6 12. e4 Nc6 13. Rd1 Qe7 14. Ne2 e5 15. b4
Nd4 16. Nxd4 exd4 17. Qb3 Bxe4 18. fxe4 Nxe4 19. Be2 Nc3 20. Rd2 Qg5 21. h4 Qf4
22. Qc2 Ne4 23. Bf3 Nxd2 24. Qxd2 Rae8+ 25. Kd1 Qf5 26. Qc2 d3 27. Qc3 Re5 28.
h5 Rfe8 29. Re1 Re2 30. Bg3 R8e3 31. bxc5 dxc5 32. Rf1 Qg5 33. Bf2 Rxf3 34. gxf3
Rc2 35. Qxc2 dxc2+ 36. Kxc2 Qg2 0-1

[Event "TCh-CHN DivA Regular"]
[Site "Fuling CHN"]
[Date "2023.06.12"]
[Round "7.6"]
[Board "1"]
[White "Xu, Jun"]
[Black "Li, Chao b"]
[Result "1/2-1/2"]
[WhiteTitle "GM"]
[BlackTitle "GM"]
[WhiteElo "2468"]
[BlackElo "2658"]
[WhiteTeam "Jiangsu"]
[BlackTeam "Beijing"]
[WhiteFideId "8600031"]
[BlackFideId "8604436"]
[EventDate "2023.06.05"]
[EventType "team"]

1. d4 d6 2. Nf3 Nf6 3. g3 Nbd7 4. Bg2 e5 5. c4 Be7 6. Nc3 O-O 7. O-O c6 8. Qc2
Re8 9. h3 a6 10. a4 a5 11. e4 exd4 12. Nxd4 Bf8 13. Be3 Nc5 14. Rfe1 g6 15. f4
h5 16. Bf2 Qc7 17. Rad1 Be6 18. Nxe6 Nxe6 19. f5 Ng7 20. fxg6 fxg6 21. e5 dxe5
22. Qxg6 Qf7 23. Qxf7+ Kxf7 24. Ne4 Nxe4 25. Bxe4 Ke6 26. Rf1 Be7 27. Be3 Rf8
28. g4 hxg4 29. hxg4 Rxf1+ 30. Rxf1 Rh8 1/2-1/2

[Event "TCh-CHN DivA Regular"]
[Site "Fuling CHN"]
[Date "2023.06.12"]
[Round "7.6"]
[Board "3"]
[White "Lin, Chen"]
[Black "Peng, Hongchi"]
[Result "1-0"]
[WhiteTitle "GM"]
[WhiteElo "2509"]
[BlackElo "2426"]
[WhiteTeam "Jiangsu"]
[BlackTeam "Beijing"]
[WhiteFideId "8602298"]
[BlackFideId "8609047"]
[EventDate "2023.06.05"]
[EventType "team"]

1. d4 Nf6 2. Nf3 d5 3. c4 e6 4. Nc3 Be7 5. Bg5 O-O 6. e3 h6 7. Bxf6 Bxf6 8. Rc1
b6 9. cxd5 exd5 10. Be2 Re8 11. O-O Bb7 12. b4 a6 13. Qb3 c6 14. a4 a5 15. bxa5
Rxa5 16. Rb1 Nd7 17. Rfc1 Qa8 18. Ne1 Bd8 19. Nd3 c5 20. Nxc5 Nxc5 21. dxc5 Rxc5
22. Nb5 Rxc1+ 23. Rxc1 d4 24. Nd6 Re6 25. Nxb7 Qxb7 26. Bf3 Qe7 27. Bd5 Rd6 28.
e4 Rf6 29. g3 g5 30. Rc8 Kg7 31. Qc4 b5 32. axb5 Bb6 33. Rb8 Qc7 34. Qxc7 Bxc7
35. Rb7 Ba5 36. Bc4 Rf3 37. Rd7 d3 38. Kg2 g4 39. Rxd3 Rxd3 40. Bxd3 Bb6 41. Be2
h5 42. f3 gxf3+ 43. Kxf3 Kf6 44. Kf4 Bc7+ 45. Ke3 Bb6+ 46. Kd3 Bg1 47. h3 Kg5
48. Kc4 Bf2 49. g4 h4 50. Kd5 Kf4 51. e5 Be3 52. Bc4 Kg3 53. Ke4 Bb6 54. Bxf7
Bd8 55. Be6 1-0

[Event "TCh-CHN DivA Regular"]
[Site "Fuling CHN"]
[Date "2023.06.12"]
[Round "7.6"]
[Board "4"]
[White "Wang, Yu A."]
[Black "Yuan, Ye"]
[Result "1/2-1/2"]
[WhiteTitle "IM"]
[WhiteElo "2255"]
[BlackElo "2194"]
[WhiteTeam "Beijing"]
[BlackTeam "Jiangsu"]
[WhiteFideId "8601097"]
[BlackFideId "8608415"]
[EventDate "2023.06.05"]
[EventType "team"]

1. e4 e5 2. Bc4 Nf6 3. d3 Bc5 4. Nc3 h6 5. Nf3 d6 6. Na4 Bb6 7. Nxb6 axb6 8. h3
O-O 9. O-O Nc6 10. a3 d5 11. exd5 Nxd5 12. Re1 Re8 13. d4 e4 14. Ne5 Bf5 15. c3
Nxe5 16. dxe5 c6 17. Bxd5 Qxd5 18. Qxd5 cxd5 19. Bf4 g5 20. Bg3 Kg7 21. Rad1 Be6
22. f3 exf3 23. gxf3 Ra4 24. Kg2 h5 25. Bf2 b5 26. Bd4 Kg6 27. Rd2 Rg8 28. Kh2
Raa8 29. f4 g4 30. h4 Kf5 31. Kg3 Rgc8 1/2-1/2

[Event "TCh-CHN DivA Regular"]
[Site "Fuling CHN"]
[Date "2023.06.12"]
[Round "7.6"]
[Board "5"]
[White "Guo, Qi"]
[Black "Li, Yunshan"]
[Result "1-0"]
[WhiteTitle "IM"]
[BlackTitle "WIM"]
[WhiteElo "2369"]
[BlackElo "2283"]
[WhiteTeam "Jiangsu"]
[BlackTeam "Beijing"]
[WhiteFideId "8604002"]
[BlackFideId "8607664"]
[EventDate "2023.06.05"]
[EventType "team"]

1. d4 d5 2. c4 dxc4 3. Nf3 Nf6 4. e3 e6 5. Bxc4 c5 6. O-O a6 7. b3 Nc6 8. Bb2
Be7 9. dxc5 Qxd1 10. Rxd1 Bxc5 11. Be2 O-O 12. Nc3 Ba7 13. Rac1 Rd8 14. Ne5 Bd7
15. Nxd7 Nxd7 16. Ne4 Bb8 17. Ba3 Nb6 18. Nc5 Bd6 19. Nxb7 Bxa3 20. Rxc6 Rxd1+
21. Bxd1 Nd5 22. Bf3 Nb4 23. Rc5 Nd3 24. Rc7 Rb8 25. Na5 g6 26. Nc6 Rb6 27. g4
Bf8 28. Be2 Nc1 29. Bc4 Bd6 30. Rc8+ Kg7 31. b4 Bxb4 32. a4 a5 33. Nd4 Bc3 34.
Nb5 Bb2 35. g5 Rb7 36. Nd6 Rb6 37. Ne8+ Kf8 38. Nf6+ Ke7 39. Rc7+ Kd6 40. Rxf7
Rb4 41. Rd7+ Ke5 42. Bb5 Kf5 43. Nxh7 Be5 44. Kg2 Rb2 45. h3 Bc3 46. Rc7 Bd2 47.
Rc5+ e5 48. Bd7+ Ke4 49. Nf6+ Kd3 50. Bb5+ 1-0

[Event "TCh-CHN DivA Regular"]
[Site "Fuling CHN"]
[Date "2023.06.13"]
[Round "8.1"]
[Board "1"]
[White "Nie, Xinyang"]
[Black "Li, Chao b"]
[Result "1/2-1/2"]
[BlackTitle "GM"]
[WhiteElo "2222"]
[BlackElo "2658"]
[WhiteTeam "Chongqing Jiulongpo"]
[BlackTeam "Beijing"]
[WhiteFideId "8607222"]
[BlackFideId "8604436"]
[EventDate "2023.06.05"]
[EventType "team"]

1. d4 Nf6 2. c4 g6 3. Nc3 d5 4. cxd5 Nxd5 5. e4 Nxc3 6. bxc3 Bg7 7. Nf3 c5 8.
Bb5+ Nc6 9. O-O O-O 10. Bxc6 bxc6 11. Qc2 Qa5 12. a4 Ba6 13. Rd1 cxd4 14. cxd4
c5 15. Bd2 Qd8 16. Bc3 cxd4 17. Bxd4 Qc8 18. Qd2 Rd8 19. Qe3 Bxd4 20. Rxd4 Rxd4
21. Qxd4 Qc7 22. Qe3 Rd8 23. Rc1 Be2 24. a5 Bxf3 25. gxf3 Qxa5 26. Kg2 Ra8 27.
Rc5 Qb4 28. Qg5 e6 29. Rb5 Qd4 30. Qe7 a5 31. e5 Qd2 32. h4 Qd3 33. Rc5 a4 34.
Qb7 Qd8 35. Rc7 Qd5 36. Qb4 Qd8 37. Qb7 Qd5 38. Qb4 h5 39. Qf4 Rf8 40. Ra7 Qc5
41. Rxa4 1/2-1/2